000
00345pab a2200145 454500
008
180718b1984 xxu||||| |||| 00| 0 eng d
100
_a
Williams, Roger
245
_a
British technology policy
260
_c
1984
300
_a
30-51
362
_a
Winter
650
_a
Technology - U.K.
773
_a
Government and Opposition
909
_a
19184
999
_c
19184
_d
19184